|
|
|
|
| LEADER |
00000nam0a2200000 4500 |
| 001 |
102999 |
| 005 |
20231031113206.0 |
| 010 |
|
|
|a 5756704167
|
| 035 |
|
|
|a (RuTPU)RU\TPU\book\111047
|
| 090 |
|
|
|a 102999
|
| 100 |
|
|
|a 20061010d2006 m y0rusy50 ca
|
| 101 |
0 |
|
|a rus
|
| 102 |
|
|
|a RU
|
| 105 |
|
|
|a a j 001zy
|
| 200 |
1 |
|
|a Политическая имиджелогия
|e учебное пособие для вузов
|f под ред. А. А. Деркача, Е. Б. Перелыгиной
|
| 210 |
|
|
|a Москва
|c Аспект пресс
|d 2006
|
| 215 |
|
|
|a 400 с.
|c ил.
|
| 320 |
|
|
|a Библиогр.: с. 390-395.
|
| 330 |
|
|
|a Первое учебное пособие, созданное на основе систематического и междисциплинарного подхода к освещению содержания и особенностей политического имиджа, представляет собой результат объединения усилий и выработки единых теоретико-методологических подходов ведущими профессорами и учеными из Российской академии государственной службы при Президенте РФ, Московского государственного университета им. М. В. Ломоносова, Московского государственного института международных отношений (Университет) МИД РФ, Уральской академии государственной службы, Уральского государственного университета им. А. М. Горького, Гуманитарного университета (г. Екатеринбург).
|
| 610 |
1 |
|
|a политика
|
| 610 |
1 |
|
|a политическая имиджелогия
|
| 610 |
1 |
|
|a имидж
|
| 610 |
1 |
|
|a имиджевая политика
|
| 610 |
1 |
|
|a имиджелогия
|
| 610 |
1 |
|
|a паблик рилейшнз
|
| 610 |
1 |
|
|a формирование
|
| 610 |
1 |
|
|a значение
|
| 610 |
1 |
|
|a PR-деятельность
|
| 610 |
1 |
|
|a PR-коммуникации
|
| 610 |
1 |
|
|a PR-специалисты
|
| 610 |
1 |
|
|a PR-технологии
|
| 610 |
1 |
|
|a политическая реклама
|
| 610 |
1 |
|
|a политическая практика
|
| 610 |
1 |
|
|a учебные пособия
|
| 610 |
1 |
|
|a связи с общественностью
|
| 675 |
|
|
|a 659.4(075.8)
|v 3
|
| 686 |
|
|
|a Ф011.6я73
|v LBC/SL-A
|2 rubbk
|
| 702 |
|
1 |
|a Деркач
|b А. А.
|4 340
|
| 702 |
|
1 |
|a Перелыгина
|b Е. Б.
|4 340
|
| 801 |
|
1 |
|a RU
|b 63413507
|c 20061010
|g PSBO
|
| 801 |
|
2 |
|a RU
|b 63413507
|c 20210209
|g PSBO
|
| 900 |
|
|
|a Имиджелогия
|
| 900 |
|
|
|a Психология
|
| 900 |
|
|
|a Связи с общественностью
|
| 900 |
|
|
|a Рекламоведение
|
| 900 |
|
|
|a Рекламная деятельность
|
| 900 |
|
|
|a Политическая реклама
|
| 900 |
|
|
|a Политический PR
|
| 942 |
|
|
|c BK
|
| 951 |
|
|
|b 030301
|b 030602
|b 030200
|b 032400
|
| 959 |
|
|
|a 87/20060921
|d 2
|e 0
|f АНЛ:1
|f ЧЗГЛ:1
|